Quiz Presidentes do Brasil - Statistics

Estatísticas Gerais
  • Esse quiz foi jogado 474 vezes
  • A pontuação média é 20 de 35
Estatísticas das Respostas
Hint Resposta % Correto
2011-2016 Dilma Rousseff
98%
2003-2010 Luis Inácio Lula da Silva
97%
2016-2018 Michel Temer
95%
1951-1954 Getúlio Vargas
91%
1930-1945 Getúlio Vargas
91%
1995-2002 Fernando Henrique Cardoso
88%
1990-1992 Fernando Collor de Mello
87%
1889-1891 Deodoro da Fonseca
79%
1956-1961 Juscelino Kubitschek
79%
1992-1994 Itamar Franco
71%
1961-1964 Joao Goulart
71%
1985-1990 José Sarney
71%
1961-1961 Janio Quadros
70%
1891-1894 Floriano Peixoto
65%
1969-1974 Emilio Medici
61%
1979-1985 João Figueiredo
60%
1967-1969 Costa e Silva
58%
1974-1979 Ernesto Geisel
57%
1946-1951 Eurico Dutra
54%
1954-1955 Café Filho
51%
1926-1930 Washington Luís
46%
1894-1898 Prudente de Morais
41%
1964-1967 Castello Branco
37%
1910-1914 Hermes da Fonseca
35%
1909-1910 Nilo Peçanha
34%
1906-1909 Afonso Pena
33%
1898-1902 Campos Sales
32%
1914-1918 Venceslau Brás
32%
1919-1922 Epitácio Pessoa
31%
1902-1906 Rodrigues Alves
31%
1922-1926 Artur Bernardes
29%
1955-1955 Carlos Luz
27%
1955-1956 Nereu Ramos
26%
1918-1919 Delfim Moreira
24%
1945-1946 José Linhares
18%
Nenhum quiz correspondente encontrado
Distribuição das Pontuações
Porcentagem de Pessoas com Cada Pontuação
Percentil de Números Respondidos
Sua Pontuação Histórica
Você não jogou esse quiz